Ensayos sobre hacienda pública y política fiscal (Registro nro. 5534)

Detalles MARC
000 -LEADER
fixed length control field 00886 a2200205 4500
001 - CONTROL NUMBER
control field 54374
005 - DATE AND TIME OF LATEST TRANSACTION
control field 20260407155816.0
008 - FIXED-LENGTH DATA ELEMENTS--GENERAL INFORMATION
fixed length control field 260407a1955 arg spa d
003 - CONTROL NUMBER IDENTIFIER
control field AR-UNSa-BCEJYS
040 ## - CATALOGING SOURCE
Original cataloging agency AR-UNSa-BCEJYS
Language of cataloging spa
Transcribing agency AR-UNSa-BCEJYS
080 ## - UNIVERSAL DECIMAL CLASSIFICATION NUMBER
Universal Decimal Classification number 351.72
Common auxiliary subdivision Finanzas públicas. Legislación (Contabilidad Pública, Administración financiera...)
020 ## - INTERNATIONAL STANDARD BOOK NUMBER
International Standard Book Number 84-7196-007-9
100 1# - MAIN ENTRY--PERSONAL NAME
Personal name Colm, Gerhard
245 10 - TITLE STATEMENT
Title Ensayos sobre hacienda pública y política fiscal
264 #1 - PRODUCTION, PUBLICATION, DISTRIBUTION, MANUFACTURE, AND COPYRIGHT NOTICE
Place of production, publication, distribution, manufacture Madrid :
Name of producer, publisher, distributor, manufacturer Instituto de Estudio Fiscales
Date of production, publication, distribution, manufacture, or copyright notice 1955
300 ## - PHYSICAL DESCRIPTION
Extent 364 p.
Dimensions 24 cm.
505 ## - FORMATTED CONTENTS NOTE
Formatted contents note I. Introducción - II. Teoría de los gastos públicos y de la imposición - III. Política fiscal - IV. Los presupuestos del sector público y la renta nacional - V. La planificación económica hacia la estabilización - VI. Conclusión
590 ## - LOCAL NOTE (RLIN)
Local note niveau_biblio:m niveau_hierar:0
942 ## - ADDED ENTRY ELEMENTS (KOHA)
Koha item type
Existencias
Withdrawn status Lost status Damaged status Not for loan Home library Current library Shelving location Date acquired Total checkouts Full call number Barcode Date last seen Price effective from Koha item type
        Biblioteca Prof. Eusebio Cleto del Rey Biblioteca Prof. Eusebio Cleto del Rey   07/04/2026   351.72 C716 L33413 07/04/2026 07/04/2026 Libro